00518nam a22001817a 450000500170000000800410001704000070005804100120006508200220007710000170009924500460011626000390016230000290020136500530023044000130028365000210029670000190031720231121142912.0231121b ||||| |||| 00| 0 eng d cAL aEnglish 223a338.954bHANE aV Basil Hans aEconomic Development in India Some Issues aBangalorebHSRA Publicationsc2023 avi,230 p.bPBc21x14 cm. a6284b₹199.00c₹d₹249.00e20%f18-11-2023 aVolume I aIndian Economics aHANS (V Basil)